Statistics for International Relations: Abbreviations

Click here to take the quiz!

General Stats

  • This quiz has been taken 43 times
  • The average score is 3 of 20

Answer Stats

HintAnswer% Correct
BRICSBrazil, Russia, India, China, South Africa
77%
ASEANAssociation of South East Asian Nations
69%
EEZExclusive Economic Zone
43%
RICRussia India China
20%
UNCLOSUnited Nations Convention on the Law of the Sea
20%
IDPInternally Displaced Person
17%
BRIBelt and Road Initiative
14%
NAMNon-Aligned Movement
14%
CPECChina Pakistan Economic Corridor
11%
SAARCSouth Asian Association for Regional Cooperation
11%
LDCLeast Developed Countries
9%
BASICBrazil, South Africa, India, China
6%
LBA (agreement between India and Bangladesh)Land Border Agreement
6%
MGC (hint: names of rivers)Mekong Ganga Cooperation
6%
SCOShanghai Cooperation Organisation
6%
SAFTASouth Asian Free Trade Agreement
6%
BIMSTECBay of Bengal Initiative for Multi-Sectoral Technical and Economic Cooperation
3%
CDP (1997, Nawaz Sharif and I.K Gujral)Composite Dialogue Process
3%
CBMsConfidence Building Measures
3%
IMTRATIndian Military Training Team
3%

Score Distribution

Percentile by Number Answered

Percent of People with Each Score

Your Score History

You have not taken this quiz